000 00331 a2200133 4500
001 90917
082 _aPR 1006
090 _c43051
_d43051
100 _aTariq Yasin;
245 _aDesign of a Modular Dispensing system
_n30th'A' EC
260 _aKarachi
_bNED University
_c1989
300 _avii;89p
500 _aBE Project Reports
942 _aCAE NUST
_kPR 1006
999 _c325990
_d325990